[Event "?"]
[Site "?"]
[Date "2021.09.13"]
[Round "3"]
[White "Уфимцев, Егор."]
[Black "Иванников, Максим."]
[Result "1-0"]
[WhiteElo "2196"]
[BlackElo "1956"]
[PlyCount "111"]

1. Nf3 d6 2. d4 Nf6 3. c4 g6 4. Nc3 Bg7 5. g3 O-O 6. Bg2 Nc6 7. O-O e5 8. dxe5
Nxe5 9. Nxe5 dxe5 10. Bg5 c6 11. Qxd8 Rxd8 12. Ne4 Nxe4 13. Bxd8 Nd2 14. Rfd1
Nxc4 15. b3 Nb2 16. Rd2 e4 17. Rb1 Bf5 18. Bg5 e3 19. Rdxb2 exf2+ 20. Kxf2 Re8
21. e4 Bxb2 22. Rxb2 Bxe4 23. Bxe4 Rxe4 24. Re2 Rxe2+ 25. Kxe2 f5 26. Be3 b6
27. Bf4 Kf7 28. Bb8 a6 29. Bc7 b5 30. Kd3 Ke6 31. Kd4 g5 32. Kc5 Kd7 33. Be5
Ke6 34. Bb8 Kd7 35. Kb6 h5 36. Kxa6 Ke6 37. a4 f4 38. gxf4 g4 39. f5+ Kxf5 40.
a5 h4 41. Kb6 g3 42. Bxg3 hxg3 43. hxg3 Kg4 44. a6 c5 45. Kxc5 Kxg3 46. a7 b4
47. a8=Q Kf4 48. Kd4 Kf5 49. Qe4+ Kf6 50. Qe5+ Kf7 51. Qd6 Kg7 52. Qe6 Kh7 53.
Qg4 Kh6 54. Ke5 Kh7 55. Kf6 Kh6 56. Qg6# 1-0

[Event "?"]
[Site "?"]
[Date "2021.09.13"]
[Round "3"]
[White "Захарцов, Владимир."]
[Black "Богаудинов, Рушан."]
[Result "1-0"]
[WhiteElo "2506"]
[BlackElo "2027"]
[PlyCount "53"]

1. d4 d5 2. c4 e6 3. Nc3 Nf6 4. Nf3 Be7 5. Bf4 c6 6. e3 Nbd7 7. c5 b6 8. b4 a5
9. a3 O-O 10. Bd3 Re8 11. O-O Nh5 12. Ne5 Nxf4 13. Nxc6 Qc7 14. Nxe7+ Rxe7 15.
Nb5 Qb8 16. exf4 Qxf4 17. Qc1 Qxc1 18. Rfxc1 bxc5 19. bxc5 Nb8 20. c6 Na6 21.
Rab1 Kf8 22. Nd6 Rea7 23. Rb7 Bxb7 24. cxb7 Rd8 25. Rc8 Ke7 26. Rxd8 Kxd8 27.
Bxa6 1-0

[Event "?"]
[Site "?"]
[Date "2021.09.13"]
[Round "3"]
[White "Семены~~ев, Александр."]
[Black "Двалишвили, Павел."]
[Result "0-1"]
[WhiteElo "2124"]
[BlackElo "2400"]
[PlyCount "61"]

1. d4 Nf6 2. c4 e6 3. Nf3 b6 4. a3 Bb7 5. Nc3 Ne4 6. Nxe4 Bxe4 7. Bf4 Bxf3 8.
exf3 Bd6 9. Bxd6 cxd6 10. d5 Qf6 11. Qd2 Na6 12. Rd1 O-O 13. Be2 Nc5 14. b4 Na4
15. Rc1 a5 16. O-O Rfc8 17. Rc2 exd5 18. Rfc1 d4 19. f4 axb4 20. axb4 Nc3 21.
Bd3 Ra4 22. Rb2 d5 23. cxd5 Qd6 24. Kf1 Rxb4 25. Ra2 g6 26. Ra7 b5 27. Be2 Qc5
28. Raa1 Qxd5 29. Bf3 Qd6 30. g3 Rbc4 31. Rc2 0-1

[Event "?"]
[Site "?"]
[Date "2021.09.13"]
[Round "3"]
[White "Бабарыкин, Станислав."]
[Black "Арутo^нова, o/oлия."]
[Result "1-0"]
[WhiteElo "2345"]
[BlackElo "1771"]
[PlyCount "120"]

1. d4 d5 2. Bf4 Nf6 3. e3 e6 4. Nd2 Bd6 5. Ngf3 Bxf4 6. exf4 Nbd7 7. Bd3 O-O 8.
O-O c5 9. c3 b6 10. Re1 Bb7 11. f5 exf5 12. Bxf5 g6 13. Bxd7 Qxd7 14. Ne5 Qf5
15. Nf1 Rad8 16. Ne3 Qc8 17. N5g4 Nxg4 18. Nxg4 Kg7 19. Qf3 Qf5 20. Qxf5 gxf5
21. Ne5 Rfe8 22. dxc5 bxc5 23. Nd3 c4 24. Nf4 Rxe1+ 25. Rxe1 d4 26. f3 d3 27.
Kf2 Kf6 28. b3 Ba6 29. h4 h6 30. Rd1 Ke5 31. Ke3 Kf6 32. Rd2 Re8+ 33. Kd4 Rd8+
34. Nd5+ Ke6 35. bxc4 Bxc4 36. Kxc4 Rxd5 37. Rxd3 Ra5 38. Rd2 Ra4+ 39. Kb5 Rxh4
40. c4 Rh1 41. c5 Rb1+ 42. Kc6 Rc1 43. Re2+ Kf6 44. Kd6 Rd1+ 45. Kc7 Rc1 46. c6
h5 47. Kd7 Rd1+ 48. Kc8 Rc1 49. c7 Rb1 50. Kd7 Rd1+ 51. Kc6 Rc1+ 52. Kb7 Rb1+
53. Kxa7 Rc1 54. Kb7 Rb1+ 55. Kc8 h4 56. a4 Ra1 57. Rb2 Rxa4 58. Kb7 Rc4 59.
c8=Q Rxc8 60. Kxc8 Ke5 1-0

[Event "?"]
[Site "?"]
[Date "2021.09.13"]
[Round "3"]
[White "Варназов, Лев."]
[Black "Драгомарецкий, Евгений."]
[Result "1/2-1/2"]
[WhiteElo "1197"]
[BlackElo "2359"]
[PlyCount "32"]

1. e4 c5 2. Nf3 e6 3. c4 d6 4. Nc3 e5 5. g3 Nc6 6. h3 g6 7. Bg2 Bg7 8. O-O Nge7
9. d3 O-O 10. Rb1 f5 11. a3 a5 12. Nd5 fxe4 13. dxe4 Nxd5 14. Qxd5+ Kh8 15. Bg5
Bf6 16. Bh6 Bg7 1/2-1/2

[Event "?"]
[Site "?"]
[Date "2021.09.13"]
[Round "3"]
[White "Губайдуллин, Алексей."]
[Black "Кишиев, Фамил."]
[Result "1-0"]
[WhiteElo "2298"]
[BlackElo "1861"]
[PlyCount "87"]

1. d4 Nf6 2. Nf3 e6 3. Bf4 c5 4. e3 b6 5. c3 Be7 6. h3 Ba6 7. Bxa6 Nxa6 8. Qe2
Qc8 9. Nbd2 cxd4 10. exd4 O-O 11. a4 d6 12. a5 b5 13. O-O Qb7 14. Rfc1 Rfc8 15.
Bg3 h6 16. b3 Rc6 17. c4 Rac8 18. Re1 bxc4 19. bxc4 Bf8 20. Rab1 Qd7 21. Rb3
Rb8 22. d5 exd5 23. cxd5 Nxd5 24. Rxb8 Nxb8 25. Qb5 Nb6 26. axb6 Rxb6 27. Qxd7
Nxd7 28. Re8 Kh7 29. Nc4 Rb1+ 30. Kh2 d5 31. Nce5 Nxe5 32. Nxe5 Bc5 33. Nxf7 d4
34. h4 Kg6 35. Ne5+ Kf5 36. Nd7 Bb4 37. f3 d3 38. h5 Bc3 39. Bh4 d2 40. Re4
Rh1+ 41. Kxh1 d1=Q+ 42. Kh2 Qd6+ 43. Kh3 Qxd7 44. g4# 1-0

[Event "?"]
[Site "?"]
[Date "2021.09.13"]
[Round "3"]
[White "Гильфанов, Марат."]
[Black "Ростовцев, Дмитрий."]
[Result "1-0"]
[WhiteElo "1851"]
[BlackElo "2124"]
[PlyCount "127"]

1. e4 c5 2. Nf3 d6 3. d4 cxd4 4. Qxd4 a6 5. c4 Nc6 6. Qe3 Bg4 7. Be2 Rc8 8. b3
Nf6 9. Bb2 g6 10. O-O Bg7 11. Nc3 O-O 12. Rab1 Qa5 13. h3 Bxf3 14. Bxf3 b5 15.
cxb5 axb5 16. Be2 b4 17. Na4 Nd7 18. Bg4 e6 19. Bxg7 Kxg7 20. Rfd1 Nc5 21. Rxd6
Nxa4 22. bxa4 Qxa4 23. Qd2 Rcd8 24. e5 Qa5 25. Re1 Rxd6 26. exd6 Rd8 27. Qb2+
e5 28. Rd1 h5 29. Qc1 Qb5 30. Bf3 Nd4 31. Bxh5 Rxd6 32. Qg5 Qd5 33. Bg4 f6 34.
Qc1 f5 35. Qg5 Qf7 36. Rc1 Rd7 37. Bh5 Ne6 38. Qg3 f4 39. Qg4 Kh6 40. Rc6 Nf8
41. Bxg6 Nxg6 42. Rxg6+ Qxg6 43. Qxd7 f3 44. Qg4 Qb1+ 45. Kh2 Qxa2 46. Qh4+ Kg6
47. Qe4+ Kh6 48. Qc6+ Kg7 49. Qb7+ Kh6 50. Qc6+ Kg7 51. Qc7+ Kg6 52. Qd6+ Kh7
53. Qe7+ Kh6 54. Qf6+ Kh7 55. Qf5+ Kh6 56. Qf8+ Kh7 57. Qxb4 fxg2 58. Qe4+ Kh6
59. Kxg2 Qb2 60. Kg3 Qc3+ 61. Qe3+ Qxe3+ 62. fxe3 Kg5 63. e4 Kh5 64. h4 1-0

[Event "?"]
[Site "?"]
[Date "2021.09.13"]
[Round "3"]
[White "Тер-Саакян, Григорий."]
[Black "Мирзоян, Самвел."]
[Result "1-0"]
[WhiteElo "2191"]
[BlackElo "1829"]
[PlyCount "73"]

1. d4 Nf6 2. Nf3 g6 3. Bg5 Bg7 4. Nbd2 d6 5. c3 Nbd7 6. e4 O-O 7. Be2 e5 8.
dxe5 Nxe5 9. Nxe5 dxe5 10. O-O Be6 11. a4 c6 12. Qc2 Qc7 13. Bc4 Bxc4 14. Nxc4
Rad8 15. Rfd1 h6 16. Be3 b5 17. Nd2 a6 18. f3 Nd7 19. axb5 axb5 20. Ra7 Qb8 21.
Rda1 Rfe8 22. Nb3 Bf8 23. Na5 Bc5 24. Bxc5 Nxc5 25. Nxc6 Qb6 26. Nxd8 Nb3+ 27.
Qf2 Qxf2+ 28. Kxf2 Nxa1 29. Nxf7 Nb3 30. Nxh6+ Kh8 31. Ng4 Re6 32. Rb7 Nc5 33.
Rxb5 Nd3+ 34. Ke3 Ne1 35. g3 Rd6 36. Nxe5 Ng2+ 37. Ke2 1-0

[Event "?"]
[Site "?"]
[Date "2021.09.13"]
[Round "3"]
[White "Пани~~кин, Алексей."]
[Black "Петрова, Елизавета."]
[Result "0-1"]
[WhiteElo "1700"]
[BlackElo "1835"]
[PlyCount "86"]

1. e4 c5 2. Nf3 e6 3. d4 cxd4 4. Nxd4 Qc7 5. c4 Nf6 6. Nc3 a6 7. Bd3 Nc6 8.
Nxc6 dxc6 9. a4 Bb4 10. O-O e5 11. h3 O-O 12. Be3 Rd8 13. Qe2 Be6 14. f4 Nh5
15. Nd5 cxd5 16. Qxh5 dxc4 17. Be2 exf4 18. Rxf4 g6 19. Qh6 Bf8 20. Qg5 h6 21.
Qh4 g5 22. Rg4 Bxg4 23. Qxg4 Qd7 24. Qh5 Qe6 25. Rf1 b5 26. h4 Qg6 27. Qg4 h5
28. Qg3 g4 29. Rf5 Bg7 30. Qf4 Re8 31. Rg5 Qxe4 32. Qf6 Qxe3+ 33. Kh1 Qxg5 34.
Qxg5 Rxe2 35. Qxh5 Rd8 36. Qxg4 Rxb2 37. h5 Rb1+ 38. Kh2 Kh8 39. Qf5 Rbd1 40.
axb5 axb5 41. Qxb5 c3 42. Qc4 Be5+ 43. g3 R8d2+ 0-1

[Event "?"]
[Site "?"]
[Date "2021.09.13"]
[Round "3"]
[White "Зубков, Всеволод."]
[Black "Вершинин, Игорь."]
[Result "1-0"]
[WhiteElo "2241"]
[BlackElo "1937"]
[PlyCount "51"]

1. d4 d5 2. Nf3 Nf6 3. c4 c6 4. e3 e6 5. b3 Bd6 6. Bb2 O-O 7. Nbd2 Ne4 8. Bd3
f5 9. O-O Nd7 10. Ne5 Nxe5 11. dxe5 Bc5 12. Rc1 Qa5 13. Nxe4 fxe4 14. Bb1 Qb6
15. Qc2 Be7 16. c5 Qc7 17. f3 Bg5 18. Bd4 Bd7 19. fxe4 g6 20. g3 Rae8 21. h4
Bh6 22. h5 Bg7 23. hxg6 Bxe5 24. g7 Rxf1+ 25. Rxf1 Re7 26. Qf2 1-0

[Event "?"]
[Site "?"]
[Date "2021.09.13"]
[Round "3"]
[White "Емель~~енков, Иван."]
[Black "><ибух~~ян, Эрик."]
[Result "1/2-1/2"]
[WhiteElo "1741"]
[BlackElo "2215"]
[PlyCount "82"]

1. e4 c5 2. Nf3 Nc6 3. d4 cxd4 4. Nxd4 Nf6 5. Nc3 d6 6. Bg5 Bd7 7. Qd2 Rc8 8.
O-O-O Nxd4 9. Qxd4 Qa5 10. f4 Rxc3 11. bxc3 e5 12. Qb4 Qxb4 13. cxb4 Nxe4 14.
Bh4 g5 15. fxg5 Be7 16. Bc4 h6 17. Rhf1 O-O 18. Rde1 hxg5 19. Rxe4 gxh4 20. Bd5
b5 21. g3 Kg7 22. g4 Bg5+ 23. Kb2 f6 24. Rg1 Rc8 25. Rf1 Kf8 26. Rf3 Ke7 27. h3
Bc6 28. Rd3 Bxd5 29. Rxd5 a6 30. Re1 Bf4 31. Red1 e4 32. Rh5 Rc4 33. a3 Bg3 34.
Rd2 Ke6 35. c3 Bf4 36. Rd4 Rxd4 37. cxd4 Bg5 38. Kc3 Kd5 39. Rh7 Be3 40. Rh5+
Bg5 41. Rh8 Be3 1/2-1/2

[Event "?"]
[Site "?"]
[Date "2021.09.13"]
[Round "3"]
[White "Шведова, Александра."]
[Black "Давидян, Владимир."]
[Result "1-0"]
[WhiteElo "2049"]
[BlackElo "1418"]
[PlyCount "63"]

1. e4 e6 2. d4 d5 3. Nd2 Nc6 4. Ngf3 Nf6 5. e5 Nd7 6. Bd3 f6 7. Ng5 Qe7 8. Qh5+
g6 9. Bxg6+ hxg6 10. Qxg6+ Kd8 11. Nf7+ Ke8 12. Nxh8+ Kd8 13. Nf3 Nxd4 14. Nxd4
Nxe5 15. Qh5 Qg7 16. O-O c5 17. Ne2 Bd7 18. Nf4 Kc7 19. Nhg6 Bd6 20. g3 Rg8 21.
Nxe5 fxe5 22. Ng2 Bb5 23. Re1 Rh8 24. Qg5 Qh7 25. h4 Rf8 26. Rxe5 Qxc2 27. Bf4
Qxb2 28. Rae1 Bd7 29. Rxe6 Bxf4 30. Nxf4 Qxa2 31. Re7 Kc8 32. Rxd7 1-0

[Event "?"]
[Site "?"]
[Date "2021.09.13"]
[Round "3"]
[White "Данилина, Софья."]
[Black "Луполов, Борис."]
[Result "0-1"]
[WhiteElo "1485"]
[BlackElo "2007"]
[PlyCount "102"]

1. e4 c6 2. Nc3 d5 3. d4 dxe4 4. Nxe4 Nd7 5. Bc4 Ngf6 6. Ng3 e6 7. N1e2 Be7 8.
Nf4 Nb6 9. Bb3 c5 10. c3 cxd4 11. Qxd4 Qxd4 12. cxd4 Bd7 13. O-O Bc6 14. Be3
Nfd5 15. Nd3 Nxe3 16. fxe3 Bg5 17. Rfe1 O-O 18. Ne5 Bd5 19. Bxd5 Nxd5 20. e4
Nb4 21. Re2 Rfd8 22. a3 Nc6 23. Nf3 Bh6 24. Rd1 Rd6 25. d5 g6 26. Rd3 Rad8 27.
Rb3 Na5 28. Rb5 b6 29. dxe6 Rxe6 30. Kf2 Bf4 31. Ne1 a6 32. Rb4 b5 33. Nc2 Bd6
34. Nd4 Bc5 35. Rd2 Bxb4 36. axb4 Nc4 37. Rd1 Nxb2 38. Rd2 Nc4 39. Rd1 Rf6+ 40.
Ke2 Rfd6 41. Ra1 Rxd4 42. Rxa6 Rd2+ 43. Kf3 h6 44. Ra1 R8d3+ 45. Kg4 Rxg2 46.
Rh1 Ne5+ 47. Kh4 Rdd2 48. Kh3 Nf3 49. Nf1 Rdf2 50. e5 Ng5+ 51. Kh4 Rf4# 0-1

[Event "?"]
[Site "?"]
[Date "2021.09.13"]
[Round "3"]
[White "Матевосян, Матевос."]
[Black "Усков, Артем."]
[Result "0-1"]
[WhiteElo "1907"]
[BlackElo "2100"]
[PlyCount "62"]

1. d4 Nf6 2. c4 c5 3. d5 e6 4. Nc3 exd5 5. cxd5 d6 6. g3 g6 7. Bg2 Bg7 8. Nf3
O-O 9. O-O a6 10. a4 Nbd7 11. h3 Rb8 12. a5 b5 13. axb6 Nxb6 14. e4 Re8 15. Qc2
Nfd7 16. Re1 Qc7 17. Ne2 Ne5 18. Nxe5 Bxe5 19. Bd2 f5 20. Nf4 fxe4 21. Bxe4 Qg7
22. Rab1 Bd7 23. Bc3 Nc4 24. Bxe5 Nxe5 25. Ne6 Qf6 26. Qc3 Bxe6 27. dxe6 Qxe6
28. f4 Rb3 29. Qc2 Rxg3+ 30. Kf1 Rf8 31. Qf2 Qxh3+ 0-1

[Event "?"]
[Site "?"]
[Date "2021.09.13"]
[Round "3"]
[White "Федоров, Никита."]
[Black "Гухман, Сергей."]
[Result "1/2-1/2"]
[WhiteElo "2078"]
[BlackElo "1915"]
[PlyCount "109"]

1. b3 Nf6 2. Bb2 e6 3. e3 b6 4. f4 Bb7 5. Nf3 Be7 6. Be2 O-O 7. O-O c5 8. Qe1
d5 9. Qg3 Nc6 10. a3 d4 11. Bd3 a5 12. Bb5 Na7 13. a4 Nxb5 14. axb5 Ne4 15. Qe1
d3 16. c4 f6 17. Nc3 Qe8 18. Qh4 Qg6 19. Qh3 Qf5 20. g4 Qg6 21. Nh4 Qh6 22.
Nxe4 Bxe4 23. Qg3 Bd6 24. Nf3 Kf7 25. Ng5+ Qxg5 26. fxg5 Bxg3 27. gxf6 gxf6 28.
hxg3 Kg6 29. Rf4 f5 30. Be5 h5 31. gxh5+ Kxh5 32. Bc7 Kg5 33. Bxb6 Rh8 34. Rh4
Rxh4 35. gxh4+ Kg4 36. Kf2 Kxh4 37. Bxc5 Kh3 38. Rg1 a4 39. bxa4 Rxa4 40. Be7
Ra2 41. Bb4 Ra4 42. Rg3+ Kh4 43. Be7+ Kh5 44. Rg1 Rxc4 45. Rb1 Rc2 46. Bb4 Rc8
47. b6 Rg8 48. Rg1 Rxg1 49. Kxg1 Kg4 50. Bd6 Kf3 51. Kf1 Bd5 52. Ke1 Ke4 53.
Kf2 e5 54. Kg3 Bb7 55. Kf2 1/2-1/2

[Event "?"]
[Site "?"]
[Date "2021.09.13"]
[Round "3"]
[White "Ильина, Лада."]
[Black "Гоцo^к, Денис."]
[Result "0-1"]
[WhiteElo "1889"]
[BlackElo "2005"]
[PlyCount "176"]

1. d4 d5 2. Nf3 c5 3. e3 cxd4 4. exd4 Nf6 5. c3 Bg4 6. Be2 Nc6 7. Ne5 Bxe2 8.
Qxe2 e6 9. Bg5 Be7 10. Nd2 Nxe5 11. dxe5 Nd7 12. Bxe7 Qxe7 13. O-O Nb6 14. Qb5+
Qd7 15. a4 O-O 16. f4 Rac8 17. Qxd7 Nxd7 18. Kf2 Nb6 19. Ke3 Rfe8 20. a5 Nc4+
21. Nxc4 Rxc4 22. Rfd1 Rec8 23. Rd4 Rxd4 24. Kxd4 Rc4+ 25. Ke3 Kf8 26. Ra3 Ke7
27. Rb3 Rc7 28. g3 Kd7 29. Rb4 Kc6 30. Kd4 Rd7 31. g4 g6 32. h4 h5 33. g5 Rd8
34. Rb3 Ra8 35. Rb4 b6 36. a6 b5 37. Rb3 Rb8 38. Ra3 Rb6 39. b4 Rb8 40. Kd3 Kb6
41. Kd4 Rc8 42. Kd3 Rc4 43. Ke3 Rc7 44. Kd4 Rc8 45. Kd3 Rc4 46. Ke3 Re4+ 47.
Kf3 Re1 48. Kg2 Re3 49. Kf2 Rh3 50. Kg2 Rxh4 51. Kg3 Rh1 52. Kg2 Rd1 53. Ra2
Rd3 54. Rc2 Kxa6 55. Kf2 Kb6 56. Kg2 Kb7 57. Kf2 Rd1 58. Kg2 Ra1 59. Kg3 Ra6
60. Rd2 Ra3 61. Rd3 Ra2 62. Kh3 Rc2 63. Kg3 Kb6 64. Kf3 Rc1 65. Kg3 a5 66.
bxa5+ Kxa5 67. Kg2 Kb6 68. Kf2 Kc5 69. Rd2 Ra1 70. Ke3 Kc4 71. Rb2 Re1+ 72. Kf2
Rh1 73. Kg2 Ra1 74. Rb4+ Kc5 75. Rb3 Ra5 76. Kg3 Kc4 77. Rb1 Kd3 78. Rd1+ Kc2
79. Re1 Ra3 80. f5 Rxc3+ 81. Kf2 b4 82. fxe6 fxe6 83. Ke2 d4 84. Ra1 d3+ 85.
Kf2 b3 86. Ke1 d2+ 87. Ke2 b2 88. Rd1 Re3+ 0-1

[Event "?"]
[Site "?"]
[Date "2021.09.13"]
[Round "3"]
[White "Ким, Андрей."]
[Black "Гриднев, Силантий."]
[Result "1-0"]
[WhiteElo "2037"]
[BlackElo "2043"]
[PlyCount "51"]

1. d4 d5 2. c4 e6 3. Nf3 Nf6 4. g3 Bb4+ 5. Bd2 a5 6. Qc2 O-O 7. Bg2 c5 8. O-O
cxd4 9. cxd5 Qxd5 10. Rd1 Nc6 11. Bc3 Bxc3 12. bxc3 Qc5 13. Nxd4 Nxd4 14. Rxd4
e5 15. Rh4 g5 16. Rh6 Kg7 17. Rxf6 Kxf6 18. Qxh7 Bf5 19. Qh6+ Bg6 20. Nd2 Qe7
21. Ne4+ Ke6 22. Rd1 g4 23. Ng5+ Kf6 24. Nh7+ Ke6 25. Bd5+ Kf5 26. e4# 1-0

[Event "?"]
[Site "?"]
[Date "2021.09.13"]
[Round "3"]
[White "Федосов, Александр."]
[Black "Корельский, Егор."]
[Result "1/2-1/2"]
[WhiteElo "1834"]
[BlackElo "1896"]
[PlyCount "95"]

1. Nf3 d5 2. g3 Bg4 3. Ne5 Bf5 4. d4 Nd7 5. Bg2 e6 6. O-O Ngf6 7. c4 c6 8. Qb3
Qb6 9. Nxd7 Nxd7 10. c5 Qxb3 11. axb3 Bxb1 12. Rxb1 b6 13. b4 f5 14. f3 g6 15.
e4 Bg7 16. e5 a5 17. Ra1 Kf7 18. cxb6 axb4 19. Bd2 Nxb6 20. Bxb4 Rhb8 21. Rxa8
Rxa8 22. b3 Bf8 23. Bxf8 Kxf8 24. Rc1 Rc8 25. Bf1 Ke7 26. Ra1 Ra8 27. Rxa8 Nxa8
28. Kf2 Kd7 29. Ke3 Nb6 30. f4 Kc7 31. Kd3 Nd7 32. b4 Kb6 33. Kc3 Nb8 34. Be2
Na6 35. Bd1 Nc7 36. Ba4 Nb5+ 37. Kd3 Na3 38. Bd1 h6 39. h4 h5 40. Be2 Nc4 41.
Bf1 Kb7 42. Be2 Na3 43. Kc3 Kb6 44. Kb2 Nb5 45. Bxb5 Kxb5 46. Kb3 Kb6 47. Ka4
Ka6 48. Ka3 1/2-1/2

[Event "?"]
[Site "?"]
[Date "2021.09.13"]
[Round "3"]
[White "Задорожный, Егор."]
[Black "Усов, Дмитрий."]
[Result "0-1"]
[WhiteElo "1641"]
[BlackElo "1828"]
[PlyCount "104"]

1. d4 d5 2. Bg5 Nf6 3. Bxf6 exf6 4. e3 c6 5. Nf3 Bd6 6. c4 Bb4+ 7. Nc3 O-O 8.
Be2 Be6 9. Qb3 Qe7 10. O-O dxc4 11. Bxc4 Bg4 12. Nd2 Bd6 13. Nde4 Bc7 14. a4
Nd7 15. Ng3 Nb6 16. a5 Nxc4 17. Qxc4 Bd7 18. Rfd1 Rfd8 19. e4 Rac8 20. Qb3 Bd6
21. Nce2 b5 22. Qe3 c5 23. d5 Be5 24. Rab1 Bd6 25. Kh1 b4 26. f4 g6 27. Ng1 c4
28. Rbc1 Ba4 29. Re1 c3 30. bxc3 bxc3 31. N1e2 c2 32. Ra1 Rc4 33. Nc3 Bb4 34.
Nge2 Bb3 35. Rf1 Rdc8 36. d6 Qxd6 37. Nd5 Ba3 38. Qxb3 c1=Q 39. Nxc1 Rxc1 40.
Raxc1 Rxc1 41. Rxc1 Bxc1 42. g3 Qa6 43. Qd1 Bb2 44. Qe1 Qd3 45. Kg2 Kg7 46. Kh3
f5 47. Qb4 Qf1+ 48. Kh4 Qg2 49. h3 Qe2 50. g4 Qf2+ 51. Kg5 Bf6+ 52. Nxf6 h6#
0-1

[Event "?"]
[Site "?"]
[Date "2021.09.13"]
[Round "3"]
[White "Кокодеев, Илья.."]
[Black "Шогджиев, Роман.."]
[Result "1/2-1/2"]
[WhiteElo "1739"]
[BlackElo "1664"]
[Annotator "user"]
[PlyCount "145"]
[EventDate "2021.??.??"]

{[%evp 0,120,19,28,71,51,102,13,88,32,40,21,58,58,45,34,13,5,39,-3,-3,-9,30,10,
17,12,10,12,12,12,17,16,21,24,26,-54,-59,-55,-40,-48,-47,-47,-47,-45,-7,-19,-9,
-19,-4,11,0,0,-4,0,15,26,17,20,18,-27,-30,-26,-2,-4,-5,-5,-5,-5,-5,-5,0,-48,7,
7,15,19,0,-41,-47,0,0,0,0,0,0,-53,-44,-44,-25,-25,-41,-41,-18,-18,-18,-29,-29,
-16,-16,-16,-16,-16,-16,-16,-16,-16,-16,-16,-16,-16,-16,-16,-16,-16,-16,-16,
-16,-16,-16,-16,-16,-16,-16]} 1. e4 c5 2. Nc3 d6 3. g3 g6 4. Nge2 Bg7 5. Bg2 e5
6. d3 Nc6 7. Be3 Nge7 8. Qd2 h5 9. h4 Be6 10. Nd5 Qd7 11. Nec3 Bxd5 12. Nxd5
Nxd5 13. exd5 Ne7 14. c4 O-O 15. O-O Rad8 16. Rab1 Nf5 17. Bh3 Nxh4 18. Bxd7
Nf3+ 19. Kg2 Nxd2 20. Bxd2 Rxd7 21. b4 Rb8 22. bxc5 dxc5 23. Rb5 b6 24. Rfb1
Bf8 25. a4 Bd6 26. a5 Bc7 27. Be3 Rdd8 28. Bg5 Re8 29. d6 Bxd6 30. axb6 Rxb6
31. Rxb6 axb6 32. Rxb6 Re6 33. Be3 Be7 34. Rb8+ Kg7 35. Rc8 f6 36. Rc7 Kf8 37.
Kf3 Ke8 38. Bxc5 Kd8 39. Rxe7 Rxe7 40. Bxe7+ Kxe7 41. Ke4 g5 42. Kf5 Kd6 43.
Ke4 Kc5 44. f3 Kd6 45. g4 h4 46. Ke3 Ke6 47. Kf2 f5 48. gxf5+ Kxf5 49. Kg2 Kf4
50. Kf2 Kf5 51. Kg2 Kf4 52. Kf2 Kf5 53. Kg2 Ke6 54. Kf2 Kd7 55. Kg2 Kc6 56. Kf2
Kc5 57. Ke3 Kd6 58. Ke2 Kc6 59. Kf2 Kb6 60. Ke2 Ka6 61. Kf2 Ka5 62. Ke3 Ka4 63.
Ke2 Kb4 64. Kf2 Ka5 65. Ke3 Kb6 66. Kf2 Kc6 67. Ke2 Kd7 68. Ke3 Ke7 69. Ke2 Ke6
70. Kf1 Kf6 71. Kg1 Kf5 72. Kg2 Kf4 73. Kf2 1/2-1/2

[Event "?"]
[Site "?"]
[Date "2021.09.13"]
[Round "3"]
[White "Медведев, Федор."]
[Black "Фролов, Максим."]
[Result "0-1"]
[WhiteElo "1557"]
[BlackElo "1701"]
[PlyCount "62"]

1. e4 e6 2. d4 d5 3. Nd2 c5 4. c3 Nc6 5. Ngf3 Nf6 6. e5 Nd7 7. Be2 Qb6 8. Nb3
cxd4 9. cxd4 a5 10. a4 Bb4+ 11. Kf1 O-O 12. Bb5 f6 13. exf6 Nxf6 14. g3 Ne4 15.
Be3 Bd7 16. Rc1 Rf6 17. Nc5 Bxc5 18. dxc5 Qc7 19. Kg2 Raf8 20. Bf4 Rxf4 21.
gxf4 Qxf4 22. Be2 Ne5 23. h3 Nxf3 24. Bxf3 Qg5+ 25. Kf1 Rxf3 26. Qxf3 Qxc1+ 27.
Kg2 Qxb2 28. Rf1 Qf6 29. Qb3 Bc6 30. Qb6 d4 31. Kg1 Nd2 0-1

[Event "?"]
[Site "?"]
[Date "2021.09.13"]
[Round "3"]
[White "Ратников, Михаил."]
[Black "Абылкасымов, Кайратбек."]
[Result "1/2-1/2"]
[WhiteElo "1939"]
[BlackElo "1000"]
[PlyCount "87"]

1. e4 e5 2. Nf3 Nc6 3. Nc3 Nf6 4. Bb5 Bb4 5. O-O O-O 6. d3 d6 7. Bg5 Bxc3 8.
bxc3 h6 9. Bh4 Bg4 10. h3 Bxf3 11. Qxf3 g5 12. Bg3 Qe7 13. h4 Kg7 14. Qf5 Nh5
15. hxg5 hxg5 16. d4 f6 17. Rab1 Nd8 18. Be2 Rh8 19. Bxh5 Rxh5 20. f4 exd4 21.
cxd4 Ne6 22. Rxb7 Nxd4 23. Qg4 Rah8 24. Rxa7 f5 25. Qd1 Qxe4 26. Rxc7+ Kg6 27.
Re1 Rh1+ 28. Kf2 Rxe1 29. Qxe1 gxf4 30. Qxe4 fxg3+ 31. Ke3 fxe4 32. Kxd4 Re8
33. Ke3 Kf5 34. a4 Ra8 35. Rc4 d5 36. Rc5 Ke6 37. c4 Rxa4 38. Rxd5 Rxc4 39. Rg5
Ra4 40. Rxg3 Ra3+ 41. Kf4 Rxg3 42. Kxg3 Kd5 43. Kf2 Kd4 44. Ke2 1/2-1/2

[Event "?"]
[Site "?"]
[Date "2021.09.13"]
[Round "3"]
[White "Камаев, Джабраил."]
[Black "Теймурханлы, Теймур."]
[Result "1-0"]
[WhiteElo "1943"]
[BlackElo "1874"]
[PlyCount "59"]

1. d4 f5 2. c4 Nf6 3. Nc3 e6 4. Nf3 d5 5. Bf4 c6 6. e3 Bd6 7. Bd3 O-O 8. Qc2
Bxf4 9. exf4 dxc4 10. Bxc4 b5 11. Bb3 Nd5 12. Bxd5 cxd5 13. O-O Qb6 14. Qe2 b4
15. Na4 Qd6 16. Qe5 Qxe5 17. Nxe5 Ba6 18. Rfc1 Re8 19. Rc5 Re7 20. Rac1 h6 21.
h4 h5 22. Rc7 Re8 23. Rf7 Bc4 24. b3 Nc6 25. Nxc6 Kxf7 26. bxc4 dxc4 27. Rxc4
a5 28. Kf1 Kf6 29. Ke2 Rec8 30. Nb6 1-0

[Event "?"]
[Site "?"]
[Date "2021.09.13"]
[Round "3"]
[White "Хлыповка, Степан."]
[Black "Володин, Виктор."]
[Result "0-1"]
[WhiteElo "1725"]
[BlackElo "2039"]
[PlyCount "74"]

1. d4 Nf6 2. Nf3 e6 3. Bg5 Be7 4. Nbd2 h6 5. Bh4 d5 6. e3 c5 7. c3 O-O 8. Bd3
b6 9. O-O Ba6 10. Bxa6 Nxa6 11. Ne5 Qe8 12. Qe2 Nc7 13. Bxf6 Bxf6 14. f4 Nb5
15. Rf3 Nd6 16. Rh3 Nf5 17. Rf1 Qe7 18. g4 Nh4 19. Ndf3 Nxf3+ 20. Qxf3 Bxe5 21.
fxe5 f6 22. exf6 Rxf6 23. Qg2 Rxf1+ 24. Kxf1 Qg5 25. Qe2 Qg6 26. Kg2 Rf8 27.
Rh5 Qe4+ 28. Kg3 cxd4 29. cxd4 Rc8 30. Re5 Qb1 31. Rxe6 Rc2 32. Qb5 Qg1+ 33.
Kf4 Qxh2+ 34. Kf5 Qg2 35. Re5 Rf2+ 36. Ke6 Qxg4+ 37. Ke7 Qc8 0-1

[Event "?"]
[Site "?"]
[Date "2021.09.13"]
[Round "3"]
[White "Камаева, Джамиля."]
[Black "Архипов, Александр."]
[Result "0-1"]
[WhiteElo "1681"]
[BlackElo "1613"]
[PlyCount "94"]

1. d4 d5 2. Nf3 Nf6 3. e3 Bf5 4. c4 c6 5. Qb3 Qc7 6. cxd5 cxd5 7. Nc3 e6 8.
Bb5+ Nbd7 9. O-O a6 10. Qa4 Bd6 11. Bd2 O-O 12. Be2 b5 13. Qb3 b4 14. Rfc1 bxc3
15. Rxc3 Qb8 16. Qa4 Nb6 17. Qa5 Nc4 18. Rxc4 dxc4 19. Bxc4 Qxb2 20. Bc3 Qb7
21. Nd2 Rfb8 22. f3 Bb4 23. Bxb4 Qxb4 24. Qxb4 Rxb4 25. Bb3 Bd3 26. Rc1 a5 27.
a3 Rb6 28. Rc3 Ba6 29. Rc5 Nd7 30. Rc7 Rb7 31. Rc1 g6 32. d5 Nf8 33. e4 Rd8 34.
a4 Rbd7 35. Rc5 exd5 36. exd5 Bb7 37. Ne4 Kg7 38. Nc3 Ra8 39. Kf2 Rc8 40. Rxc8
Bxc8 41. Ke3 Rb7 42. Bc4 Rb4 43. Bb5 Bd7 44. Kd3 Kf6 45. Bc6 Ke7 46. Nb5 Rxa4
47. d6+ Kd8 0-1

[Event "?"]
[Site "?"]
[Date "2021.09.13"]
[Round "3"]
[White "Переверзев, Тимофей."]
[Black "Рататаев, Илья."]
[Result "0-1"]
[WhiteElo "1852"]
[BlackElo "1835"]
[PlyCount "66"]

1. Nf3 Nf6 2. g3 g6 3. b4 Bg7 4. Bb2 O-O 5. Bg2 d5 6. O-O b6 7. d3 Bb7 8. Nbd2
Nbd7 9. c4 e6 10. Qc2 c5 11. bxc5 Nxc5 12. Ne5 dxc4 13. Ndxc4 Bxg2 14. Kxg2 Rc8
15. a4 a6 16. a5 b5 17. Nb6 Rc7 18. Rfc1 Nd5 19. e4 Na4 20. Qb3 Rxc1 21. Rxc1
Nxb2 22. Nc6 Qg5 23. Rc2 Nf4+ 24. Kf1 Nfxd3 25. e5 Bxe5 26. Nd7 Qh5 27. Rd2
Qxh2 28. Rxd3 Nxd3 29. Ne7+ Kg7 30. Qxd3 Qh1+ 31. Ke2 Rd8 32. Qe3 Qh5+ 33. g4
Qxg4+ 0-1

[Event "?"]
[Site "?"]
[Date "2021.09.13"]
[Round "3"]
[White "Ëo^цингер, Ирен."]
[Black "Якушков, Павел."]
[Result "1-0"]
[WhiteElo "1779"]
[BlackElo "1811"]
[PlyCount "97"]

1. e4 c5 2. Nc3 Nc6 3. g3 g6 4. Bg2 Bg7 5. d3 d6 6. f4 e6 7. Nf3 Nge7 8. O-O
O-O 9. Be3 b6 10. Rb1 d5 11. Bf2 Ba6 12. e5 Qc7 13. Ne2 Rac8 14. g4 Rfd8 15.
Re1 d4 16. Nd2 g5 17. fxg5 Nxe5 18. Bg3 Qd7 19. Nf4 N5g6 20. Nh5 Nd5 21. Ne4
Qe7 22. Nxg7 Kxg7 23. h4 Bb7 24. Qf3 e5 25. Bf2 Ngf4 26. Ng3 Kg8 27. Nf5 Qc7
28. Bh1 Ba8 29. Qg3 Re8 30. Be4 c4 31. dxc4 Nb4 32. Qf3 Bxe4 33. Qxe4 Nh3+ 34.
Kg2 Nxf2 35. Kxf2 Rcd8 36. a3 Na6 37. b4 Qxc4 38. Nh6+ Kg7 39. Kg1 Qd5 40. Qd3
Nc7 41. Rf1 Rd7 42. Rf5 Ne6 43. Rbf1 Nd8 44. Qe2 Re6 45. Qf2 Rc6 46. Rf6 Rc3
47. h5 Qe4 48. Rxf7+ Nxf7 49. Qxf7+ 1-0